000
00309nam a22001337a 4500
008
180301b xxu||||| |||| 00| 0 eng d
020
_a
9780781717137
041
_a
eng
080
_a
616.12
100
_a
7
101
_a
KAR
245
_a
Cardiothoracic Surgical Nursing
_c
Finkelmeier, B.A
942
_2
udc
_c
BK
999
_c
43773
_d
43773